TAKING SIDES : (Record no. 5393)
[ view plain ]
| 000 -LEADER | |
|---|---|
| fixed length control field | 00655nam a22002057a 4500 |
| 003 - CONTROL NUMBER IDENTIFIER | |
| control field | OSt |
| 005 - DATE AND TIME OF LATEST TRANSACTION | |
| control field | 20220412130457.0 |
| 008 - FIXED-LENGTH DATA ELEMENTS--GENERAL INFORMATION | |
| fixed length control field | 220412b ||||| |||| 00| 0 eng d |
| 020 ## - INTERNATIONAL STANDARD BOOK NUMBER | |
| International Standard Book Number | 9780073397153 |
| 040 ## - CATALOGING SOURCE | |
| Transcribing agency | ALUPE UNIVERSITY |
| 050 ## - LIBRARY OF CONGRESS CALL NUMBER | |
| Classification number | BJ1012 |
| Item number | .T35 2008 |
| 245 ## - TITLE STATEMENT | |
| Title | TAKING SIDES : |
| Remainder of title | Clashing views on Moral Issues. |
| 260 ## - PUBLICATION, DISTRIBUTION, ETC. | |
| Place of publication, distribution, etc. | United States of America. |
| Name of publisher, distributor, etc. | McGraw-Hill Contemporary Learning Series. |
| Date of publication, distribution, etc. | c2008. |
| 300 ## - PHYSICAL DESCRIPTION | |
| Extent | xxii, 378p. ; |
| Dimensions | 23.5cm. |
| 440 ## - SERIES STATEMENT/ADDED ENTRY--TITLE | |
| Title | TAKING SIDES: Clashing View on Moral Issues. |
| International Standard Serial Number | 10947604 |
| 504 ## - BIBLIOGRAPHY, ETC. NOTE | |
| Bibliography, etc. note | Includes index. |
| 650 ## - SUBJECT ADDED ENTRY--TOPICAL TERM | |
| Topical term or geographic name entry element | Clashing Views on Moral Issues. |
| 700 ## - ADDED ENTRY--PERSONAL NAME | |
| Personal name | Satris Stephen |
| 942 ## - ADDED ENTRY ELEMENTS (KOHA) | |
| Source of classification or shelving scheme | |
| Koha item type | Book |
| Suppress in OPAC | CM |
| Withdrawn status | Lost status | Source of classification or shelving scheme | Damaged status | Not for loan | Permanent Location | Current Location | Shelving location | Date acquired | Source of acquisition | Total Checkouts | Full call number | Barcode | Date last seen | Price effective from | Koha item type | Public note |
|---|---|---|---|---|---|---|---|---|---|---|---|---|---|---|---|---|
| AU LIBRARY | AU LIBRARY | Open Shelf | 12.04.2022 | DONATION FROM MOI UNIVERSITY | BJ1012 .T35 2008 | 28002460 | 12.04.2022 | 12.04.2022 | Book | CM |